Normal view
MARC view
- Du-Plat-Taylor, Francis Maurice Gustavus
Entry Personal Name
001 - CONTROL NUMBER
- control field: 43995
003 - CONTROL NUMBER IDENTIFIER
- control field: NUST
005 - DATE AND TIME OF LATEST TRANSACTION
- control field: 20210314132841.0
008 - FIXED-LENGTH DATA ELEMENTS
- fixed length control field: 210314|| aca||aabn | a|a d
040 ## - CATALOGING SOURCE
- Original cataloging agency: NUST
- Transcribing agency: NUST
100 ## - HEADING--PERSONAL NAME
- Personal name: Du-Plat-Taylor, Francis Maurice Gustavus
670 ## - SOURCE DATA FOUND
- Source citation: Work cat.: (NUST): Du-Plat-Taylor, Francis Maurice Gustavus,, The design, construction and maintenance of docks, wharves & piers., 1949.
